000 02821cam a2200277 a 4500
001 1430
005 20230824161354.0
008 100427s2010 nyuab 001 0 eng d
020 _a9781603201629
020 _a1603201629
040 _aBTCTA
_beng
_cBTCTA
_dBKL
_dQBX
_dIHI
_dYDXCP
_dDLC
050 0 0 _aD23
_b.H535 2010
082 0 4 _a909
_222
100 _aKnauer, Kelly
245 0 0 _aHistory's greatest events :
_b100 turning points that changed the world : an illustrated journey /
_c[editor Kelly Knauer].
246 3 _aTime history's greatest events
260 _aNew York :
_bTime Home Entertainment,
_c2010.
300 _avi, 154 pages :
_bcolor illustrations, maps ;
_c31 cm
500 _aIncludes index.
520 _aJoin the editors of TIME in a fast-paced journey through the adventures of man on Planet Earth in this richly illustrated volume, which explores history's most important turning points. Here are the great religions: Buddhism, Christianity and Islam. Here are the great empires, from the vanished civilization of the Minoans on Crete to the glories of Classical Greece and Rome to the mysterious collapse of the Maya culture in Mexico. Here are the visionary scientists who altered our view of nature's laws: Newton and Darwin, Copernicus and Einstein. Here are the great conquerors,including Alexander the Great, Julius Caesar, Genghis Khan and Napoleon. And here are the great clashes between cultures, as Christian knights besiege Muslim citadels in the Crusades, a handful of Spanish conquistadors topple the empires of the Aztecs and Incas, and Japan attacks the U.S. naval base at Pearl Harbor. The book is arranged chronologically, rapidly accelerating in pace as it reports the development of the technologies that define the modern world, from the coming of the railroad and the telegraph to the advent of photography, the cinema and television and culminating in the invention of the transistor and the boot-up of the World Wide Web. And it offers fresh perspectives on cultures too often overlooked, from the Golden Age of Islam to the voyages of Viking mariners to China's renascence under the Ming dynasty. Presented in a special oversized format, this beautifully illustrated volume also offers a sweeping panorama of man's greatest artistic achievements, from the cave paintings of Lascaux to marvelous medieval maps and on to the great paintings and sculptures of the Renaissance. As an illuminating guide to mankind's triumphs and sorrows, and as a gallery of human culture, science, art and architecture, it offers a dazzling and provocative encounter with the great turning points of history.
650 0 _aHistory
_vMiscellanea.
650 0 _aHistory
_vPopular works.
700 1 _aKnauer, Kelly.
906 _a7
_bcbc
_ccopycat
_d2
_eepcn
_f20
_gy-gencatlg
942 _2ddc
_cBK
_n0
999 _c1430
_d1430